00737nam a2200181 i 450000100060000000300090000600500170001500700030003200800410003510000400007624500980011626000740021430000380028870000580032685200320038499900170041695201220043377391ES-MaACL20251001143817.0t|041008s1970 sp ||||1| spa d1 aGutiérrez Ríos, Enrique.96121314aUna época de la cultura española / cEnrique Gutiérrez Ríos, José María Albareda. aMadrid : bConsejo Superior de Investigaciones Científicas, c1970. aXVI, 342 p., 22 lám. ; c25 cm.1 aAlbareda Herrera, José María, d1902-19669157514 aES-MaACLjC-45037 bR.76240 c77391d77391 00104070aATENEOMbATENEOMcDEPO2d2008-01-17eSCl0oC-45037p1080973r2023-02-23 00:00:00w2023-02-23yMONOGRAFIA